| 000 | 01113cam a2200217 4500 | ||
|---|---|---|---|
| 001 | WB3836-23 | ||
| 008 | 021003n2002 000 0 eng u | ||
| 035 | _a(Sirsi) u119988 | ||
| 245 | _aNew environmental impact assessment guidance | ||
| 260 | _c2002 | ||
| 490 |
_aRICS Minerals and Waste Management News _v 26 September 2002, (1) |
||
| 520 | _aNew guidance implementing the latest amendments to the Environmental Impact directiive for development under the Town and Country Planning Act 1990 (HMSO website http://www.legislation.hmso.gov.uk/acts/acts1990/Ukpga_19900008_en_1.htm) is now in force. The guidance can be found in Circular 02/99 http://www.planning.odpm.gov.uk/circulars/02_99/intro.htm. | ||
| 590 | _aWB | ||
| 650 | _aENVIRONMENTAL IMPACT ASSESSMENTS | ||
| 650 | _aGUIDANCE | ||
| 650 | _aEU DIRECTIVES | ||
| 650 | _aTOWN AND COUNTRY PLANNING ACT 1990 | ||
| 690 | _aENVIRONMENTAL AND LAND CONSULTANCY | ||
| 856 | _ahttp://www.rics.org/ricscms/bin/show?class=News&template=/includes/shownews.html&id=3751&faculty=Minerals%20and%20Waste%20Management&faculty=All%20Faculties | ||
| 942 | _n0 | ||
| 999 |
_c71300 _d71300 |
||